Organografía cormofítica de espermafitas

Enregistré dans:
Détails bibliographiques
Auteur principal: López Fernández, María Luisa (autora)
Format: Livre
Langue:espagnol
Publié: Pamplona, España EUNSA 1978
Collection:Libros de Biología
Sujets:
Tags: Ajouter un tag
Pas de tags, Soyez le premier à ajouter un tag!

MARC

LEADER 00000nam a2200000 a 4500
001 UCT3764
003 CL-VaPUC
005 20241127113817.0
008 961031e19780000SP |||||||||||||||||spa|d
999 |c 253308  |d 253306 
040 |c Pontificia Universidad Católica de Valparaíso 
082 0 4 |a 582 LOP 1978  |2 21 
100 |a López Fernández, María Luisa  |e autora  |9 372491 
245 1 0 |a Organografía cormofítica de espermafitas 
260 0 3 |a Pamplona, España  |b EUNSA  |c 1978 
300 |a 179 páginas 
490 0 |a Libros de Biología 
583 |a last modification  |c 19961031 00:00:00  |k Rodrigo Vera 
650 0 |a Plantas  |9 264555 
650 0 |a Botánica  |9 264202 
650 0 |a Embriología  |9 269729 
650 7 |a REPRODUCCION DE LAS PLANTAS  |2 CL-VaPUC  |9 264393 
650 0 |a Semillas   |9 264396 
650 0 |a Anatomía de la planta   |9 259679 
942 |c BK  |2 ddc 
945 |d 19961031 00:00:00  |a cmena 
952 |0 0  |1 0  |2 ddc  |4 0  |6 582_000000000000000_LOP_1978  |7 0  |8 A  |9 273985  |a BIBCUR  |b BIBCUR  |d 2019-11-19  |i 1772910  |o 582 LOP 1978  |p 1772910  |r 2025-04-22  |t 1  |w 2019-11-19  |y BK  |k BIO